Techniques/Attaques de Grey dans Fairy Tail - Statistiques

Statistiques générales
  • Ce quiz a été pris 19 fois
  • Le résultat moyen est 8 sur 40
Statistiques - réponses
Techniques/Attaques de Grey % Correct
Marteau de Glace
89%
Bouclier de Glace
67%
Glace Absolue
56%
Epée de Glace
50%
Patinoire Olympique
50%
Prison de Glace
50%
Danse des 7 Sabres de Glace
39%
Geyser de Glace
33%
Bazooka Esquimeau
28%
Ice Bringer
22%
Lancier de Glace
22%
Mur de Glace
22%
Poings de Glace
22%
Soucoupe de Glace
22%
Katana du Démon de Glace Absolue
17%
Arc du Démon de Glace Absolue
11%
Armure de Glace
11%
Cerf-volant de Glace
11%
Cocon de Glace
11%
Flèches de Glace
11%
Fureur du Démon de Glace
11%
Impact de Glace
11%
Poing Destructeur du Démon de Glace Absolue
11%
Attaque Foudroyante Combinée
6%
Chevauchée de Glace
6%
Gantelet de Glace du Roi Démon
6%
Glace Infinie: Sarabande Explosive
6%
Lance du Dieu de la Guerre, Gungnir
6%
Mer de Glace
6%
Monde Argenté de Glace
6%
Palais de Glace
6%
Pickpocket de Glace
6%
Rayon de Glace
6%
Rideau de Glace
6%
Roue de Carriole
6%
Shotgun de Glace
6%
Sort Perdu de la Glace Absolue
6%
Statue de Glace
6%
Toboggan de Glace
6%
Transformation Partielle du Chasseur
6%
Aucun quiz correspondant
Distribution des résultats
% des personnes avec chaque résultat
Percentile par nombre de réponses
Votre historique - résultats
Vous n’avez pas pris ce quiz